000 00307nam a22001337a 4500
008 180920b xxu||||| |||| 00| 0 eng d
020 _a9781412987950
041 _aeng
080 _a370
100 _a47
101 _aEDU
245 _aAlternative Sxhooling Scol Choice
_cOsborne.A.G
942 _2udc
_cBK
999 _c48136
_d48136